[Event "Algiers Ameyar Memorial-A 11th"]
[Site "Algiers"]
[Date "2012.11.16"]
[Round "1"]
[White "Zaibi, Amir"]
[Black "Baktach, Nesrine"]
[Result "1-0"]
[WhiteElo "2271"]
[BlackElo "1731"]
[PlyCount "91"]
[EventDate "2012.11.16"]
[EventType "swiss"]
[EventRounds "9"]
[EventCountry "ALG"]
[SourceTitle "CBM 151 Extra"]
[Source "ChessBase"]
[SourceDate "2012.12.18"]
[SourceVersion "1"]
[SourceVersionDate "2012.12.18"]
[SourceQuality "1"]

1. e4 d5 2. exd5 Nf6 3. Bb5+ Bd7 4. Bc4 Bf5 5. Nc3 Nbd7 6. Bb3 Nb6 7. Qf3 Bg4 8. Qg3 a6 9. Nf3 Qd6 10. Qxd6 exd6 11. Nd4 g6 12. h3 Bd7 13. 0-0 0-0-0 14. d3 Bg7 15. Be3 Ng8 16. a4 Kb8 17. a5 Nc8 18. Bc4 Nge7 19. Rab1 f5 20. Nce2 c6 21. dxc6 Nxc6 22. Nxc6+ Bxc6 23. Nd4 Bd7 24. Ne6 Bxe6 25. Bxe6 Rhf8 26. Bg5 Rde8 27. Rfe1 h6 28. Bd2 g5 29. Bb4 Rf6 30. Bd5 Rff8 31. Kf1 Be5 32. c3 Ne7 33. Bf3 Kc7 34. d4 Bf6 35. Re6 Ng8 36. Rbe1 Rxe6 37. Rxe6 h5 38. Bxh5 Kd7 39. Re1 Ne7 40. Bf3 Nc6 41. Ba3 Nxa5 42. Bd5 Nc6 43. Re6 Be7 44. Rg6 Bf6 45. Rh6 Ke7 46. Rh7+ 1-0

[Event "Arab-ch (Women)"]
[Site "Bizerte"]
[Date "2012.07.08"]
[Round "9"]
[White "Baktach, Nesrine"]
[Black "Mezioud, Amina"]
[Result "0-1"]
[WhiteElo "1831"]
[BlackElo "2053"]
[PlyCount "68"]
[EventDate "2012.07.03"]
[EventType "swiss"]
[EventRounds "9"]
[EventCountry "TUN"]
[SourceTitle "EXT 2013"]
[Source "ChessBase"]
[SourceDate "2012.11.22"]
[SourceVersion "1"]
[SourceVersionDate "2012.11.22"]
[SourceQuality "1"]

1. e4 d6 2. d4 Nf6 3. Bd3 e5 4. dxe5 dxe5 5. Nf3 Nc6 6. 0-0 Bg4 7. Be3 a6 8. a3 Be7 9. Nc3 0-0 10. Be2 Qc8 11. h3 Bh5 12. Qc1 Bg6 13. Bd3 Rd8 14. Re1 b5 15. b4 h6 16. Bd2 Qe6 17. Nd1 Bh7 18. Nb2 g5 19. Nh2 Nd4 20. h4 gxh4 21. Bxh6 Kh8 22. Bg5 Nh5 23. Bxe7 Qxe7 24. Qd1 Nf4 25. c3 Nde6 26. Nf3 Rg8 27. Bf1 Qf6 28. Kh1 Bg6 29. Nh2 Bh5 30. f3 Qg5 31. Qc2 Qg3 32. Ng4 Bxg4 33. fxg4 Rxg4 34. Nd3 h3 0-1